Top 10 Countries with the Most Oil - Statistics

General Stats
  • This quiz has been taken 63 times
  • The average score is 8 of 10
Answer Stats
Barrels of Oil Answer % Correct
39,230 M United States of America
98%
266,455 M Saudi Arabia
96%
80,000 M Russia
95%
158,400 M Iran
93%
142,503 M Iraq
89%
97,800 M United Arab Emirates
80%
169,709 M Canada
78%
101,500 M Kuwait
78%
300,878 M Venezuela
73%
48,363 M Libya
40%
No matching quizzes found
Score Distribution
Percent of People with Each Score
Percentile by Number Answered
Your Score History
You have not taken this quiz